Statistiques concernant Paroles - La fille d'Avril - Laurent Voulzy

Cliquez ici pour prendre le quiz!

Statistiques générales

  • Ce quiz a été pris 10 fois
  • Le résultat moyen est 41 sur 60

Statistiques - réponses

RéponseRéponseRéponseRéponse% Correct
Lesfilbrascoeur
100%
leslea
100%
leleveutcomme
100%
duLepauvrepas
100%
Uneled'Octobred'Avril
100%
Lesuntoutla
100%
ceuneilDécouvrir
100%
decepassonsson
90%
habitsc'estfilleElle
90%
toutc'estNovembrepas
90%
onaenlacésc'est
80%
NiAvrilfroidtout
80%
ad'plusfil
80%
filelleEnveut
80%
qu'ellefillefaitd'un
80%
d'unMaisrobesne
80%
coinçaAvrilveut
70%
N'aimentcoeurMaisUne
70%
Aucommed'ne
70%
leurscorpsuneAvril
70%
difficilededede
70%
coeurdemoiqu'elle
70%
sonDécouvrirdansNi
70%
corpsd'untesson
70%
deEnd'unla
70%
C'estjamaisseson
70%
veutJuilletvientfille
70%
elleJuinl'airmoi
70%
nimoiforta
70%
filleneEllesni
70%
pasniellefille
70%
leNiohune
70%
sonpauvreSerrece
70%
Janvierqu'elleNoëlcorps
70%
ditsonohfille
70%
gardersonc'estd'
70%
fillestoutEtNi
70%
uneElleslèvecoeur
60%
paslessousdifficile
60%
seplusUnecoeur
60%
pauvrerienventc'est
60%
MaiSeptembrefilla
60%
Voicisurnec'est
60%
prélassentaucunfilleni
50%
moisd'AoûtDécouvrirTa
50%
Découvrirdéshabilleleselle
50%
Févrierdoutedifficileson
50%
d'gardentaimentson
50%
ellesn'amoison
50%
Avrilpresquelecorps
50%
deQuandlesune
50%
feusoleildeni
50%
fillesoleilc'estpauvre
50%
metventNi
50%
moivientfillesfille
50%
MarsAllongéesellecorps
40%
manteauxautreceoh
40%
neEnfinquiUne
40%
onrêvequ'elle
40%
jolisablepasça
40%

Distribution des résultats

Percentile par nombre de réponses

% des personnes avec chaque résultat

Votre développement - résultats

Vous n’avez pas pris ce quiz